Statystyki dla Quiz filmowy - filmy lat 80' i 90'

Kliknij tutaj aby rozwiązać quiz!

Ogólne statystyki

  • Ten quiz został rozwiązany 557 razy
  • Średni wynik to 6 z 15

Statystyki odpowiedzi

PodpowiedźRok produkcjiTytuł filmu% Poprawnych
Adaptacja powieści Stephena Kinga z krzesłem elektrycznym w tle1999Zielona Mila
82%
Dwaj bohaterowie poruszają się furgonetką stylizowaną na wielkiego psa1994Głupi i Głupszy
68%
Film o Babe i jej przyspieszonym kursie tańca1987Dirty Dancing
58%
Historia niezwykłego chłopaka tworzącego z żywopłotów dzieła sztuki1990Edward Nożycoręki
54%
Diaboliczny morderca nawiedza swoje ofiary we śnie1984Koszmar z Ulicy Wiązów
54%
Emigrant z Kuby robiący karierę w narkotykowym biznesie1983Człowiek z Blizną
39%
Główną lokalizacją akcji filmu jest radziecka łódź podwodna1990Polowanie na Czerwony Październik
35%
Brad Pitt tym razem w roli Śmierci1998Joe Black
33%
Agent 007 jeżdżący czołgiem po ulicach Sankt Petrsburga1995Goldeneye
32%
Pół wampir - pół człowiek w walce z Diakonem Frostem1998Blade: Wieczny Łowca
30%
Tematem przewodnim filmu jest poszukiwanie suchego lądu w świecie zalanym przez oceany1995Wodny Świat
30%
Główny bohater pochodzi z fikcyjnego państwa Zamunda1988Książe w Nowym Jorku
28%
Głównym antagonistą jest człowiek-pingwin1992Powrót Batmana
24%
Film, w którym nie raz ujrzymy ludzi stojących na biurkach1989Stowarzyszenie Umarłych Poetów
19%
Wszystko zaczyna się od obsikanego dywanu1998Big Lebowski
16%

Rozkład punktacji

Percentyl według liczby udzielonych odpowiedzi

Procent ludzi z każdym wynikiem

Twoja historia wyników

Nie rozwiązałeś tego quizu